000 00921nam a2200277Ia 4500
003 OSt
005 20220923225144.0
006 a|||||r|||| 00| 0
007 ta
008 220922b |||||||| |||| 00| 0 hin d
020 _c70
024 _a258,719
037 _b273, 15/12/2011, Vani Prakashan
_cTextual
040 _aARTS
_cARTS
_bhin
041 _2hin
_ahin
082 _aO152,1K15x, M5;P6
100 _aशुक्ल, रामदेव
_9156318
245 0 _aआनन्दघन
246 _aĀnandaghana
260 _aनई दिल्ली
_b वाणी प्रकाशन
_c2006
300 _a128पृ.
_ccm.
650 _a हिन्दी कविता
650 _aहिन्दी साहित्य
_9156264
942 _hO152,1K15x, M5;P6
_cTEXL
_2CC
999 _c376423
_d376423